书目信息 |
| 题名: |
2016法律硕士联考考前冲刺背诵手册
|
|
| 作者: | ;文运法硕 组编 | |
| 分册: | ||
| 出版信息: | 北京 高等教育出版社 2015 |
|
| 页数: | 284页 | |
| 开本: | 26cm | |
| 丛书名: | ||
| 单 册: | ||
| 中图分类: | D9 | |
| 科图分类: | ||
| 主题词: | 法律--Fa Lv--硕士生入学考试--升学参考资料 | |
| 电子资源: | ||
| ISBN: | 978-7-04-043659-4 | |
| 000 | 00873nam0 22002411 450 | |
| 001 | 0121113103 | |
| 005 | 20161122091409.23 | |
| 010 | @a978-7-04-043659-4@dCNY36.00 | |
| 100 | @a20151102d2015 em y0chiy50 ea | |
| 101 | 0 | @achi |
| 102 | @aCN@b110000 | |
| 105 | @ay z 000yy | |
| 106 | @ar | |
| 200 | 1 | @a2016法律硕士联考考前冲刺背诵手册@A2016Fa Lv Shuo Shi Lian Kao Kao Qian Chong Ci Bei Song Shou Ce@e高考版@f文运法硕组编 |
| 210 | @a北京@c高等教育出版社@d2015 | |
| 215 | @a284页@d26cm | |
| 300 | @a全国硕士研究生招生考试法硕大纲配套用书 2016考研专业课系列权威用书 | |
| 330 | @a本书收录了2016法律硕士联考的相关内容,涉及刑法学、民法学、法理学、中国宪法学、中国法制史等。 | |
| 606 | 0 | @a法律@AFa Lv@x硕士生入学考试@j升学参考资料 |
| 690 | @aD9@v5 | |
| 711 | 02 | @a文运法硕@AWen Yun Fa Shuo@4组编 |
| 801 | 0 | @aCN@bTANGWEI@c20161118 |
| 905 | @b0898521-5@dD9@e661@f5 | |
| 2016法律硕士联考考前冲刺背诵手册:高考版/文运法硕组编 .-北京:高等教育出版社,2015 |
| 284页;26cm |
| 全国硕士研究生招生考试法硕大纲配套用书 2016考研专业课系列权威用书 |
| ISBN 978-7-04-043659-4:CNY36.00 |
| 本书收录了2016法律硕士联考的相关内容,涉及刑法学、民法学、法理学、中国宪法学、中国法制史等。 |
| ● |
| 相关链接 |
|
|
|
|
正题名:2016法律硕士联考考前冲刺背诵手册
索取号:D9/661
 
预约/预借
| 序号 | 登录号 | 条形码 | 馆藏地/架位号 | 状态 | 备注 |
| 1 | 0898521 | 208985213 | 第一样本阅览室/ [索取号:D9/661] | 在馆 | |
| 2 | 0898522 | 208985222 | 史法系资料室/ [索取号:D9/661] | 在馆 | |
| 3 | 0898523 | 208985231 | 第一借阅区/ [索取号:D9/661] | 在馆 | |
| 4 | 0898524 | 208985240 | 第一借阅区/ [索取号:D9/661] | 在馆 | |
| 5 | 0898525 | 208985259 | 第一借阅区/ [索取号:D9/661] | 在馆 |